Quelle est l'origine de ce prénom ? 1 - Statistiques

Statistiques générales
  • Ce quiz a été pris 211 fois
  • Le résultat moyen est 5 sur 24
Statistiques - réponses
Question Réponse % Correct
Yu Chinois
69%
An Chinois
56%
Désiré Français
45%
Modestine Français
33%
Ru Chinois
32%
Cristobal Espagnol
27%
Pol Breton
25%
Tomasa Espagnol
22%
Asuncion Espagnol
22%
Herveline Breton
20%
Wagar Arabe
19%
Lamis Arabe
19%
Tancredi Italien
17%
Stoyan Bulgare
15%
Ognian Bulgare
13%
Thana Arabe
12%
Tsveta Bulgare
9%
Mahaut Français
9%
Igea Italien
9%
Mytia Russe
9%
Galya Russe
7%
Fedya Russe
7%
Cyril Breton
2%
Jader Français
1%
Aucun quiz correspondant
Distribution des résultats
% des personnes avec chaque résultat
Percentile par nombre de réponses
Votre historique - résultats
Vous n’avez pas pris ce quiz